000 00993nmm a2200337 a 4500
003 AR-BaBNM
005 20251128210050.0
008 079019s1992 ||||||||||||||000 | spa||
020 _a987-99263-0-7
040 _cAR-BaBNM
245 1 0 _aEl redescubrimiento del mercado
_bla nueva América : la nueva Europa
260 _aBuenos Aires
_bAsociación de Bancos de la República Argentina
_c1992
300 _a399 p.
_bgráfs., tablas, il.
500 _aCorresponde a las 3as. Jornadas bancarias de la República Argentina
650 4 _aHISTORIA FINANCIERA
650 4 _aRELACIONES INTERNACIONALES
650 4 _aINVERSIONES EXTRANJERAS
650 4 _aINSTITUCIONES FINANCIERAS
650 4 _aECONOMIA
650 4 _aSISTEMAS ECONOMICOS
650 4 _aFINANZAS
650 4 _aSISTEMAS MONETARIOS
650 4 _aDINERO
650 4 _aBANCOS
650 4 _aMERCADOS
651 4 _aArgentina
653 _aMERCOSUR
653 _aPRIVATIZACIONES
942 _cBK
998 _cMariana
999 _c13877
_d13877